Normal view
MARC view
Entry Personal Name
001 - CONTROL NUMBER
- control field: 13980
003 - CONTROL NUMBER IDENTIFIER
- control field: ARRUPE
005 - DATE AND TIME OF LATEST TRANSACTION
- control field: 20150114151434.0
008 - FIXED-LENGTH DATA ELEMENTS
- fixed length control field: 150114|| aca||aabn | a|a d
040 ## - CATALOGING SOURCE
- Original cataloging agency: ARRUPE
- Transcribing agency: ARRUPE
100 ## - HEADING--PERSONAL NAME
- Personal name: Ivereigh, Austen
670 ## - SOURCE DATA FOUND
- Source citation: Work cat.: (ARRUPE): Ivereigh, Austen, Faithful Citizens, 2010